000 00296nam a22001337a 4500
008 171013b xxu||||| |||| 00| 0 eng d
020 _a0314041761
041 _aeng
080 _23 ED
_a316
100 _a51
101 _aSOC
245 _aESSENTIALS SOCIOLOGY
_cWHITE.L.K
942 _2udc
_cBK
999 _c33663
_d33663